Responses for Show #4012 - Tuesday, January 29, 2002

Contestants

[<< previous game]

Jill Futch, an attorney from West Monroe, Louisiana

Walter Grubbs, a human resources executive from Fair Oaks, California

Steve Sanders, a graduate student from Oklahoma City, Oklahoma (whose 1-day cash winnings total $24,400)

[next game >>]

Jeopardy! Round responses

THE ANIMAL KINGDOM
NURSERY RHYMES
PRO BASKETBALL
BOOK SEQUELS
(Alex: You name the book it was a sequel to.)
THAT'S MY DEPARTMENT STORE
THE "L" IT IS!
    $200 21
a giraffe

Jill
    $200 16
pickled peppers

Walter
    $200 1
Michael Jordan

Steve
    $200 6
Rosemary's Baby

Jill
    $200 26
Woolworth

Walter
    $200 11
luge

Jill
    $400 22
(Steve: What is a peacock?)

ostrich

SteveJill
    $400 17
(Jill: Who is Jackie Draper?)

Jack

Jill
Triple Stumper
    $400 2
Phil Jackson

Steve
    $400 7
Love Story

Steve
    $400 27
Macy's

Walter
    $400 12
(Jill: Who is Sonny Liston?)
(Steve: Who is Joe Louis?)

Jake LaMotta

SteveWalterJill
    $1,200 23
rhinoceros

Jill
    $600 18
Mary, Mary

Steve
    $600 3
Wilt Chamberlain

Steve
    $600 8
Catch-22

Steve
    $600 28
Federated

Walter
    $600 13
"Luck Be a Lady'

Steve
    $800 24
leopard

Walter
    $800 19
pig

Walter
    $800 4
Hawks

Steve
    $800 9
Fear of Flying

Walter
    $800 29
Bloomingdale's

Jill
    $800 14
The Lady Vanishes

Triple Stumper
    $1000 25
trout

Walter
    $1000 20
Bobby Shafto

Walter
    $1000 5
[Applause]
(Alex: Man knows his basketball as well as his baseball.)

Vancouver

Steve
    $1000 10
[Steve did not have the leading article "The" in his response.]

The Winds of War

Steve
    $1000 30
(George Washington) Taylor

Walter
    $1000 15
"The Lottery"

Jill

Scores at the first commercial break (after clue 15):

Steve Walter Jill
$5,200 $1,200 $1,000

Scores at the end of the Jeopardy! Round:

Steve Walter Jill
$5,400 $7,200 $3,200

Double Jeopardy! Round responses

NATIONS OF THE WORLD
HOLY MOVIE ROLES
(Alex: We'll give the actor, you name the role.)
10-LETTER WORDS
THE FIRST CONGRESS
REFERENCE WORKS
ROSES
    $400 17
France

Steve
    $400 1
(Walter: Who is Ben-Hur?)

Moses

WalterJill
    $400 6
(Walter: What is a seismograph?)

seismogram

Walter
Triple Stumper
    $400 7
The Constitution

Steve
    $400 12
weather

Jill
    $400 22
Portland

Walter
    $800 18
(Jill: What is the Dominican Republic?)

Jamaica

Jill
Triple Stumper
    $800 2
God

Jill
    $800 27
cloverleaf

Jill
    $800 8
patents

Jill
    $800 13
Explorer

Jill
    $800 23
American Beauty

Steve
    $1200 19
Turkey

Walter
    $1200 3
Gandhi

Walter
    $1200 28
figurehead

Jill
    $1200 9
Speaker of the House

Jill
    $1200 14
concordance

Jill
    $1200 24
Berlin

Walter
    $1600 20
(Walter: What is Aden?)

Oman

Walter
Triple Stumper
    $1600 4
Jesus

Steve
    $1600 29
(Steve: Who is Billy Budd?)

The Confidence-Man

Steve
Triple Stumper
    $1,000 10
(Jill: What is Philadelphia?)

New York

Jill
    $1600 15
cross reference

Walter
    $1600 25
hips

Walter
    $2000 21
(1 of) New Zealand, Uruguay, Lesotho, & Swaziland

Triple Stumper
    $2000 5
(Alex: He portrayed [*] on television.)

Noah

Triple Stumper
    $2,200 30
(Jill: ...What is a profiteer?)

impresario

Jill
    $2000 11
(1 of) Vermont (or Kentucky)

Steve
    $2000 16
(Walter: A dictionary of maps.)

geographical dictionary

Walter
Triple Stumper
    $2000 26
Ingrid Bergman

Walter

Scores at the end of the Double Jeopardy! Round:

Steve Walter Jill
$9,000 $12,000 $6,800

[wagering suggestions for these scores]

Final Jeopardy! Round responses

FAMOUS AMERICANS
JillWho is?
$300
SteveWho is Gerald Ford
$8,000
WalterWho is Ford
$6,001
Gerald Ford

Final scores:

Steve Walter Jill
$17,000 $18,001 $6,500
2nd place: unknown New champion: $18,001 3rd place: unknown

Game dynamics:

Coryat scores:

Steve Walter Jill
$9,000 $12,000 $9,400
15 R,
3 W
18 R,
4 W
16 R
(including 1 DD),
5 W
(including 2 DDs)

Combined Coryat: $30,400

[game clues] [game scores] [suggest correction]

Game tape date: 2001-11-07
The J! Archive is created by fans, for fans. Scraping, republication, monetization, and malicious use prohibited; this site may use cookies and collect identifying information. See terms. The Jeopardy! game show and all elements thereof, including but not limited to copyright and trademark thereto, are the property of Jeopardy Productions, Inc. and are protected under law. This website is not affiliated with, sponsored by, or operated by Jeopardy Productions, Inc. Join the discussion at JBoard.tv.